000 00951nam a22002897a 4500
001 63
003 FISKH
005 20240604102540.0
008 230221b cb ||||| |||| 00| 0 eng d
010 _a 2011020179
020 _a9780545222761
040 _aDLC
_cDLC
_dDLC
042 _alcac
_apcc
050 0 0 _aPZ7.A7379
_bRid 2012
082 0 0 _a813.6
_223
100 1 _aArnold, Tedd.
245 1 0 _aRide, Fly Guy, ride! /
_cTedd Arnold
260 _aNew York :
_bScholastic,
_c2012
300 _a30 pages :
_bcolor illustrations ;
_c23 cm.
520 _aWhile riding in the car with Buzz and his father, Fly Guy gets blown out of the window and finds himself riding in a truck, then a boat, a train, an airplane, and maybe even a rocket.
521 8 _a470
_bLexile
521 8 _aH
_bRaz-Plus
650 1 _aFlies
_vFiction.
650 1 _aTransportation
_vFiction.
906 _a7
_bcbc
_corignew
_d1
_eecip
_f20
_gy-gencatlg
942 _2ddc
_cBK
_n0
999 _c63
_d63